| 000 | 00762nam a2200217Ii 4500 | ||
|---|---|---|---|
| 003 | JO-AjNU | ||
| 008 | 230605s9999||||xx |||||||||||||| ||und|| | ||
| 017 | _a2014/9/4272 | ||
| 040 |
_aJO-AjNU _bara _erda _cJO-AjNU |
||
| 041 | _aara | ||
| 050 | 1 | 4 | _aBP80.A52.K43.2014 |
| 100 | 3 |
_aالخفش،فيصل عفيف, _eauthor _950040 |
|
| 245 | 0 | 0 | _aأبو بكر الصديق رضي الله عنه أفضل الأمة بعد نبيها صلى الله عليه وسلم |
| 250 | _aط1 | ||
| 264 | 3 | 1 | _aعمان:دار عمار للنشر والتوزيع ،2014 |
| 300 | _a572ص | ||
| 336 |
_atext _btxt _2rdacontent |
||
| 337 |
_aunmediated _bn _2rdamedia |
||
| 338 |
_avolume _bnc _2rdacarrier |
||
| 650 | 4 |
_aالصحابة-السيرة النبوية _950041 |
|
| 999 |
_aA22017 _c25585 _d25585 |
||